|
|
|
|
| LEADER |
01078nam a2200253 a 4500 |
| 001 |
14099663 |
| 008 |
120126r20102004enka 000 0 eng d |
| 010 |
|
|
|a 2005280508
|
| 020 |
|
|
|a 9780521704120 (pbk.)
|
| 020 |
|
|
|a 0521547768 (pbk.)
|
| 040 |
|
|
|a DLC
|c DLC
|d DLC
|d BD-DhAAL
|
| 082 |
0 |
0 |
|a 428.40711
|2 22
|
| 100 |
1 |
|
|a Glendinning, Eric H.
|
| 245 |
1 |
0 |
|a Study reading :
|b a course in reading skills for academic purposes /
|c Eric H. Glendinning, Beverly Holmström.
|
| 250 |
|
|
|a 2nd ed.
|
| 260 |
|
|
|a Cambridge, UK ;
|a New York :
|b Cambridge University Press,
|c c2004 [Reprinted 2010].
|
| 300 |
|
|
|a 159 p. :
|b ill. ;
|c 24 cm.
|
| 541 |
|
|
|e 00024376
|
| 650 |
|
0 |
|a Reading (Higher education)
|
| 650 |
|
0 |
|a English language
|x Study and teaching (Higher)
|x Foreign speakers.
|
| 700 |
1 |
|
|a Holmström, Beverly A. S.
|
| 852 |
1 |
|
|a Ayesha Abed Library
|c General shelf.
|
| 999 |
|
|
|c 11873
|d 11873
|
| 952 |
|
|
|0 0
|1 0
|4 0
|6 428_407110000000000_GLE
|7 0
|9 19416
|a BRACUL
|b BRACUL
|c GEN
|d 2012-02-15
|e Karim International
|g 308.00
|l 2
|m 3
|o 428.40711 GLE
|p 3010024376
|r 2014-12-04
|s 2014-11-10
|t 1
|w 2012-02-15
|y BK
|x Available
|